Πόλεμος χωρίς αιτία

Αποθηκεύτηκε σε:
Λεπτομέρειες βιβλιογραφικής εγγραφής
Κύριος συγγραφέας: Battut, Eric
Άλλοι συγγραφείς: Παπαγεωργίου, Ελένη (trlf)
Μορφή: Βιβλίο
Γλώσσα:Greek
French
Δημοσίευση: [Αθήνα] : Μεταίχμιο, [2003]
Θέματα:
Ετικέτες: Προσθήκη ετικέτας
Δεν υπάρχουν, Καταχωρήστε ετικέτα πρώτοι!

MARC

LEADER 00000cam a2200000 i 4500
001 1/25573
008 060303s2003 gl | ||| |||| ||gre||
020 |a 9603751049 
035 |l 10082946 
040 |a GR-MyUa  |b gre  |e AACR2  
041 1 |a gre  |h fre 
082 7 |a 843.914   |2 (22)  
100 1 |a Battut, Eric. 
245 1 0 |a Πόλεμος χωρίς αιτία /   |c Eric Battut ; μετάφραση Ελένη Παπαγεωργίου.  
260 |a [Αθήνα] :   |b Μεταίχμιο,   |c [2003]  
300 |a [29] σ. ;   |c 24x27 εκ.  
500 |a Τίτλος πρωτοτύπου: Bataille.  
650 0 |a French fiction  |y 20th century. 
650 0 |a Fairy tales. 
650 0 |a Children's stories, French. 
655 7 |a Fairy tales  |2 lcgft 
700 1 |a Παπαγεωργίου, Ελένη,  |e trlf 
852 |a INST  |b RHODES  |e 20060303  |h 843.914 BAT  |p 005400021261  |q 005400021261  |t BK  |y 0 
901 |a BIBL4-2006-1 
970 |a Κόζα   |b Μαρία   |z 2006/03/03